000 01575nmm a2200541 a 4500
003 AR-BaBNM
005 20251128211154.0
008 113020s1997 ||||||||||||||000 | spa||
020 _a987-95631-3-1
040 _cAR-BaBNM
245 1 0 _aMercosur
_bla dimensión cultural de la integración
260 _aBuenos Aires
_bEdiciones Ciccus
_c1997
300 0 _a334 p.
610 2 4 _aMERCOSUR
650 4 _aHISTORIA CULTURAL
650 4 _aEDUCACION
650 4 _aMULTICULTURALISMO
650 4 _aANTROPOLOGIA CULTURAL Y SOCIAL
650 4 _aESTUDIOS CULTURALES
650 4 _aHISTORIA DE LAS IDEAS
650 4 _aBILINGUISMO
650 4 _aGESTION CULTURAL
650 4 _aMEDIOS DE COMUNICACION
650 4 _aINTEGRACION REGIONAL
650 4 _aINTEGRACION CULTURAL
650 4 _aSOCIOLOGIA CULTURAL
650 4 _aPOLITICA CULTURAL
650 4 _aCULTURAS SUDAMERICANAS
700 1 _aRecondo, Gregorio
_ecompilador
700 1 _aAlvarez, Marcelo
700 1 _aCaceres Narizzano, Celeste
700 1 _aColombres, Adolfo
700 1 _aEscobar, Ticio
700 1 _aGetino, Octavio
700 1 _aMerlo, Juan Carlos
700 1 _aMethol Ferre, Alberto
700 1 _aPiñón, Francisco José
700 1 _aPortales Cifuentes, Diego
700 1 _aReyes, Nicolás Patricio
700 1 _aSantos, Paulo de Tarso
700 1 _aSaravia, Enrique
700 1 _aSemillán de Dartiguelongue, Josefina
700 1 _aVelleggia, Susana
700 1 _aVidart, Daniel
700 1 _aSaraiva, José Flavio Sombra
942 _cBK
998 _cmariana
999 _c18569
_d18569